000 01681 a2200253 4500
001 38343
005 20260407155647.0
008 260407a1989 arg spa d
003 AR-UNSa-BCEJYS
040 _aAR-UNSa-BCEJYS
_bspa
_cAR-UNSa-BCEJYS
080 _a658.8.012.12
_xInvestigación de mercados
245 1 0 _aInvestigación de mercados
020 _a968-422-486-9
250 _a3a. ed
264 1 _aMéxico :
_bMcGraw-Hill
_c1989
300 _axiv, 715 p.
_c24 cm.
505 _aParte I: El proceso de la investigación de mercados: 1. Persepectiva de la investigación de mercados en la toma de decisiones - 2. El proceso de investigación - 3. Diseño e implementación de la investigación - Parte II: Recolección de datos: 4. Fuentes de datos de mercadotecnia - 5. Recolección de información: métodos cualitativos y de observación - 6. Información proveniente de los entrevistados: Métodos de encuestas - 7. Diseño del cuestionario - 8. Medición de actitudes - 9. Experimentación - 10. Fundamentos de muestreo - 11. Tamaño de la muestra y teoría estadística - Parte III: Análisis de información : 12. Fundamentos del análisis de la información - 13. Pruebas de hipótesis - 14. Introducción de una tercera variable - 15. Presentación de los resultados - Parte IV Temas especiales en análisis de datos: 16. Análisis de factores - 17. Escala multidimensional y análisis de agrupamiento(cluster)
041 _aspa
942 _cBK
590 _aniveau_biblio:m niveau_hierar:0
100 1 _aDay, George S.
700 1 _aAaker, David A.
856 4 1 _uhttps://biblioeco.unsa.edu.ar/pmb/images/libros/L53103.jpg
_yImagen de portada
_qimage/jpeg
999 _c2875
_d2875